00281nam a2200109Ia 4500008004100000041000800041082001700049100001600066245002400082260004100106300002400147240624s9999 xx 000 0 und d aeng a658.4092 CAM aCAMERON KIM aPOSITIVE LEADERSHIP c2012aSan FranciscobBerrett Koehler a159 : p. : cm. ; 20